Histoire des Borgia / (Record no. 45908)

MARC details
000 -LEADER
campo de control de longitud fija 00534nam a2200193 i 4500
001 - NÚMERO DE CONTROL
campo de control 45908
003 - IDENTIFICADOR DE NÚMERO DE CONTROL
campo de control ES-MaACL
005 - FECHA Y HORA DE LA ÚLTIMA TRANSACCIÓN
campo de control 20230906161310.0
007 - CAMPO FIJO DE DESCRIPCIÓN FÍSICA--INFORMACIÓN GENERAL
campo de control de longitud fija t|
008 - DATOS DE LONGITUD FIJA--INFORMACIÓN GENERAL
campo de control de longitud fija 030327s1934 fr ||||1| fre d
100 1# - ENTRADA PRINCIPAL--NOMBRE DE PERSONA
Nombre de persona Collison Morley, L.
9 (RLIN) 39747
245 10 - MENCIÓN DEL TÍTULO
Título Histoire des Borgia /
Mención de responsabilidad, etc. L. Collison-Morley ; traduction de Theo Varlet.
260 ## - PUBLICACIÓN, DISTRIBUCIÓN, ETC.
Lugar de publicación, distribución, etc. Paris :
Nombre del editor, distribuidor, etc. Payot,
Fecha de publicación, distribución, etc. 1934.
300 ## - DESCRIPCIÓN FÍSICA
Extensión 342 p. ;
Dimensiones 23 cm.
600 34 - PUNTO DE ACCESO ADICIONAL DE MATERIA--NOMBRE DE PERSONA
Nombre de persona Borgia (Familia)
9 (RLIN) 30482
700 1# - ENTRADA AGREGADA--NOMBRE PERSONAL
Nombre de persona Varlet, Theo.
9 (RLIN) 200799
852 ## - LOCALIZACIÓN
Ubicación ES-MaACL
Número de control de estantería A-4312
Holdings
Estatus retirado Estado de pérdida Estado de daño No para préstamo Biblioteca de origen Biblioteca actual Ubicación en estantería Fecha de adquisición Fuente de adquisición Total de préstamos Signatura topográfica completa Código de barras Visto por última vez Precio de reemplazo Tipo de ítem Koha
        Biblioteca del Ateneo de Madrid Biblioteca del Ateneo de Madrid Sala Pecera Planta 1 17/01/2008     A-4312 1048296 23/02/2023 23/02/2023 Libro impreso